• 首页
  • 本馆介绍
  • 公告通知
  • 最新文献
  • 馆藏检索
  • 电子资源
  • 读者导购
  • 参考咨询
  • 我的图书馆
  • 登录
  • 详细信息显示
  • 放入我的书架
  • 预约/预借图书
  • 作者相关作品
  • 分类相关作品
  • 丛书相关作品
  • 出版社相关作品

书目信息

  • 表格格式
  • 工作单格式
  • 卡片格式
题名:
二十五史补编
    
 
作者: 二十五史刊行委员会 编
分册: 五  
出版信息: 北京   中华书局  1955.2
页数: 2905-7282页
开本: 26cm
丛书名:
单 册:
中图分类: K204.1
科图分类:
主题词: 中国--通史
电子资源:
ISBN:
000 00610nam0 2200205 45
001 0312221749
005 20060912083620.17
010    @b精装@dCNY21.00
091    @a11018.80
100    @a20031222d1955 km y0chiy0120 ea
101    @achi
200 1  @a二十五史补编@Aer shi wu shi bu bian@h五@f二十五史刊行委员会编@FEr Shi Wu Shi Kan Xing Wei Yuan Hui Bian
210    @a北京@c中华书局@d1955.2
215    @a2905-7282页@d26cm
305    @a本书系用开明书店原版重印
606 0  @a中国@x通史
690    @aK204.1@v3
701 0  @a二十五史刊行委员会@4编
801    @aCN@bTSTCL@c20060912
905    @a213230@dK204.1@e28:5(+)
    
    二十五史补编.五/二十五史刊行委员会编.-北京:中华书局,1955.2
    2905-7282页;26cm
    
    
    ISBN (精装):CNY21.00
    
●
相关链接 在E读中查询图书 在五车中查询图书 在当当中查询图书 在豆瓣中查询图书


正题名:二十五史补编     索取号:K204.1/28:5(+)         预约/预借

序号 登录号 条形码 馆藏地/架位号 状态 备注
1 0170510   202114390   古籍典藏专区/ [索取号:K204.1/28:5(+)] 在馆    
唐山师范学院图书馆 欢迎您!
大连网信软件有限公司© 版权所有